Õigus ja poliitika kultuuris

Titel: Õigus ja poliitika kultuuris : artikleid ja esseid / Peeter Järvelaid
Verfasser:
Veröffentlicht: Tallinn : Akadeemia Nord, 2002
Umfang: 232 S.
Format: Buch
Sprache: Estnisch
ISBN: 9985941322
Buchumschlag
X
Lokale Klassifikation: 47 15 M ; 47 12 D ; 47 7 Ua ; 2 J 898
alg: 11466185
001A    $03004:05-11-03 
001B    $01999:21-05-23 $t01:25:57.000 
001D    $03004:05-11-03 
001U    $0utf8 
001X    $00 
002@    $0Aau 
003@    $0114661855 
003O    $0174894219 $aOCoLC 
004A    $09985-9413-2-2 
007A    $0114661855 $aHEB 
007G    $0DE020EE89F653611B0D1BC12584860049AE93 
007T    $0Herdhh114661855 
009P    $qapplication/pdf $A2 $3Inhaltsverzeichnis $uhttp://scans.hebis.de/HEBCGI/show.pl?11466185_toc.pdf $mV:DE-603;B:DE-Mb50 
010@    $aest 
011@    $a2002 
013H    $0z 
019@    $aee 
021A    $aÕigus ja poliitika kultuuris $dartikleid ja esseid $hPeeter Järvelaid 
028A    $#Järvelaid, P. $#Jarvelajd, P. M. $7123479401 $8Järvelaid, Peeter$Z1957- [Tp1] $915438528X 
033A    $pTallinn $nAkadeemia Nord 
034D    $a232 S. 
045F    $a306.094798 $eDDC23BSB 
045F/01 $a306.09 
045F/03 $g4798 
045G    $a340.09 $eDDC23BSB 
045G/01 $a340.09 
045G/03 $g4798 
045H    $a909 $eDDC23BSB 
045H/01 $a909 
045H/03 $g4798 
046M    $aBibliographie P. Järvelaid 1978 - 2002 S. 183 - 214. - Zsfassung in dt. u. engl. Sprache 

lok: 11466185 24
101B    $005-11-03 $t15:20:46.000 
101C    $005-11-03 
145Z/01 $a47 15 M 
145Z/02 $a47 12 D 
145Z/03 $a47 7 Ua 
145Z/04 $a2 J 898 
101U    $0utf8 

exp: 11466185 24 1 #EPN
201B/01 $005-11-03 $t15:20:46.000 
201C/01 $005-11-03 
203@/01 $0190068442 
208@/01 $a05-11-03 $bz 
209A/01 $a03.3467 $du $f050 $h03 3467 $x00 
209C/01 $a03.3467 G $h03 3467 G 
209G/01 $a70578646 $x00 
247C/01 $8358050-7 Marburg, Bibliothek des Herder-Instituts Marburg $9102600961 
201U/01 $0utf8 

lok: 11466185 78

exp: 11466185 78 1 #EPN
201B/01 $019-04-17 $t19:18:27.000 
201U/01 $0utf8 
203@/01 $0793800366 
208@/01 $a12-11-16 $be 
209A/01 $a/ $f000 $x00 
220C/01 $aTitelaufnehmer: kk 
237A/01 $aweiterführende Signatur(en): Herder-Institut: 03.3467 
244Z/01 $2Trx $#Estija $#Igaunija $#Estland $#Estonia $#Estonia $#Estónsko $#Estonsko $8--Trx--Eesti $x01 $9391237225 
244Z/01 $2Trx $#kultuur üldine $#kultūra bendras $#culture $#kultúra általános $#kultura ogólnie $#kultúra všeobecne $#kultura všeobecná $8--Trx--Kultur$gallgemein $x02 $9391375490 
244Z/01 $2Trx $#kultuur, poliitiline $#politinė kultūra $#Culture, political $#kultúra, politikai $#kultura polityczna $#kultúra politická $#kultura politická $8--Trx--Kultur, politische $x03 $9391358995 
244Z/01 $2Trx $#õigussüsteem $#teisė $#Law, system of $#jogok $#prawo $#právo $#právo $#Justiz $#Rechtspflege $#justícia $#justice $8--Trx--Rechtswesen $x04 $9391354604 
244Z/01 $2Trx $8--Trx--Monographie $x05 $9391384546 
245Z/01 $a11.01 $x01 
247C/01 $82080>Marburg/Lahn, Herder-Institut, Forschungsbibliothek, Bibliographieportal $9336309341
LEADER 00000cam a2200000 c 4500
001 114661855
003 DE-603
005 20230521012557.0
007 tu
008 031105s2002 xx |||| | u00||u|est c
020 |a 9985941322 
035 |a (DE-599)HEB114661855 
035 |a (OCoLC)174894219 
040 |a DE-603  |b ger  |c DE-603  |d DE-603 
041 |a est 
082 0 4 |8 1\u  |a 306.094798  |q DE-101  |2 23/BSB 
083 0 |8 2\u  |a 340.09  |q DE-101  |2 23/BSB 
083 0 |8 3\u  |a 909  |q DE-101  |2 23/BSB 
085 |8 1\u  |b 306.09 
085 |8 1\u  |z 2  |s 4798 
085 |8 2\u  |b 340.09 
085 |8 2\u  |z 2  |s 4798 
085 |8 3\u  |b 909 
085 |8 3\u  |z 2  |s 4798 
100 1 |a Järvelaid, Peeter  |d 1957-  |0 (DE-603)15438528X  |0 (DE-588)123479401  |2 gnd 
245 0 0 |a Õigus ja poliitika kultuuris  |b artikleid ja esseid  |c Peeter Järvelaid 
264 1 |a Tallinn  |b Akadeemia Nord  |c 2002 
300 |a 232 S. 
500 |a Bibliographie P. Järvelaid 1978 - 2002 S. 183 - 214. - Zsfassung in dt. u. engl. Sprache 
856 4 2 |m V:DE-603;B:DE-Mb50  |q application/pdf  |u http://scans.hebis.de/HEBCGI/show.pl?11466185_toc.pdf  |3 Inhaltsverzeichnis 
924 0 |9 Mb 50  |a (DE-603)190068442  |b DE-Mb50  |c HES  |d c  |g 03.3467 
924 0 |9 2080  |a (DE-603)793800366  |b DE-2080  |c HES  |d d  |g /